載入...

Bolshevik revolution: social history of the Russian revolution /

書目詳細資料
主要作者: Ferro, Marc
其他作者: Norman Stone
格式: Printed Book
語言:English
出版: London : Routledge & Kegan Paul, 1985.
LEADER 00537nam a2200145Ia 4500
008 150624b xxu||||| |||| 00| 0 eng d
082 |a 947.0841 
100 |a Ferro, Marc 
245 |a Bolshevik revolution:  |b social history of the Russian revolution /  |c Marc Ferro 
260 |a London :  |b Routledge & Kegan Paul,  |c 1985. 
300 |a 345+ 
700 |a Norman Stone. 
942 |c BK 
999 |c 41634  |d 41634 
952 |0 0  |1 0  |4 0  |6 947_084100000000000_FER_B  |7 0  |9 41631  |a UL  |b UL  |c ST1  |d 1998-09-24  |l 9  |m 3  |o 947.0841 FER/B  |p 60417  |r 2019-07-02  |s 2019-06-13  |w 2012-10-27  |y BK